Premier League Winners - Statistics

General Stats
  • This quiz has been taken 84 times
  • The average score is 24 of 33
Answer Stats
Math Question Sum % Correct
2023-24 Manchester City
88%
2020-21 Manchester City
86%
2019-20 Liverpool
84%
2024-25 Liverpool
84%
2021-22 Manchester City
84%
2022-23 Manchester City
84%
2008-09 Manchester United
84%
2016-17 Chelsea
83%
2014-15 Chelsea
81%
2018-19 Manchester City
81%
1992-93 Manchester United
81%
2017-18 Manchester City
79%
1993-94 Manchester United
76%
2009-10 Chelsea
72%
2011-12 Manchester City
72%
2013-14 Manchester City
72%
2007-08 Manchester United
72%
2012-13 Manchester United
72%
2015-16 Leicester City
71%
2000-01 Manchester United
71%
2006-07 Manchester United
71%
2010-11 Manchester United
71%
1999-00 Manchester United
67%
2003-04 Arsenal
66%
1995-96 Manchester United
66%
2005-06 Chelsea
66%
1998-99 Manchester United
66%
1996-97 Manchester United
64%
2002-03 Manchester United
62%
2004-05 Chelsea
60%
2001-02 Arsenal
59%
1997-98 Arsenal
55%
1994-95 Blackburn Rovers
48%
No matching quizzes found
Score Distribution
Percent of People with Each Score
Percentile by Number Answered
Your Score History
You have not taken this quiz